Normal view
MARC view
Entry Topical Term
001 - CONTROL NUMBER
- control field: 44088
003 - CONTROL NUMBER IDENTIFIER
- control field: ARRUPE
005 - DATE AND TIME OF LATEST TRANSACTION
- control field: 20190123134320.0
008 - FIXED-LENGTH DATA ELEMENTS
- fixed length control field: 190123|| aca||aabn | a|a d
040 ## - CATALOGING SOURCE
- Original cataloging agency: ARRUPE
- Transcribing agency: ARRUPE
150 ## - HEADING--TOPICAL TERM
- Topical term or geographic name as entry element: Stonehege (England)
670 ## - SOURCE DATA FOUND
- Source citation: Work cat.: (ARRUPE): Atkinson, Richard John Copland 44087, Stonehenge, 1960